KOHA-Header-6

Management (Record no. 8788)

000 -LEADER
fixed length control field 00247nam a2200109Ia 4500
100 ## - MAIN ENTRY--AUTHOR NAME
Personal name Richard L. Daft
245 #0 - TITLE STATEMENT
Title Management
260 ## - PUBLICATION, DISTRIBUTION, ETC. (IMPRINT)
Place of publication New Delhi
Name of publisher Prentice
Year of publication 1999
300 ## - PHYSICAL DESCRIPTION
Number of Pages 612
942 ## - ADDED ENTRY ELEMENTS (KOHA)
Koha item type Books
Holdings
Withdrawn status Lost status Collection code Permanent Location Current Location Shelving location Date acquired Full call number Accession Number Koha item type
    Management MAJU MAJU   2019-09-14 658.403 3787 Management

Powered by Koha